000 00456nam a22001457a 4500
999 _c60495
_d60495
005 20230808095909.0
008 230808s1959 gw ||||| |||| 00| 0 ger d
041 _ager
080 _a94(042.4) L-74
245 _aLimes Romanus Konferenz Nitra :
_bVorträge herausgegeben als Sonderband /
_cRed. Anton Tocik.
264 _aBratislava,
_c1959.
300 _a152 p. ;
_b26 cm.
700 _aTocik, Anton
_eრედაქტორი
_919629
942 _2udc
_cBK